000 00865nam a22003017a 4500
003 CHAP
005 20220817041841.0
008 971013s1975 r 10010 d
010 _a26473
011 _a27445
035 _a31546
040 _cCHAP
090 _aFolleto 3164p
111 0 0 _aConferencia Técnica de la FAO sobre Acuicultura (
_d1976
_c: Kyoto)
_926621
245 _aProspecto
260 _aRoma :
_bFAO,
_c1975
300 _a9 p.
590 _aBATCH-UPD
_b10
_c20130110
_lUCH01
_h1945
590 _aBATCH-UPD
_b10
_c20130410
_lUCH01
_h1308
590 _aBATCH-UPD
_b10
_c20130914
_lUCH01
_h1031
590 _aCONVERSION
_b10
_c20130109
_lUCH01
_h1315
650 1 4 _aPiscicultura.
_988531
650 1 4 _aPolítica piscícola.
_990691
710 0 _aFAO.
901 _aBK
942 _cFOLL
949 _aFolleto 3164p
_bBC
_cFAO
_d-73016
_eFAO1
_i31546
_mD
_si
999 _c26473
_d26473